Movies by Image #8 - Statistics

General Stats
  • This quiz has been taken 173 times
  • The average score is 6 of 16
Answer Stats
Picture Answer % Correct
Elf
87%
School of Rock
79%
Ace Ventura: Pet Detective
71%
Taken
71%
Step Brothers
55%
Liar Liar
48%
Hitch
37%
The Other Guys
31%
The Secret Life of Walter Mitty
27%
Game Night
25%
The Accountant
24%
Lord of War
22%
RED
22%
The Book of Eli
21%
Shooter
16%
Law Abiding Citizen
13%
No matching quizzes found
Score Distribution
Percent of People with Each Score
Percentile by Number Answered
Your Score History
You have not taken this quiz